Principles & Procedures of Nursing Foundations Vol.- 2 (Record no. 356996)
[ view plain ]
| 000 -LEADER | |
|---|---|
| fixed length control field | 00633nam a22002057a 4500 |
| 005 - DATE AND TIME OF LATEST TRANSACTION | |
| control field | 20240201134405.0 |
| 008 - FIXED-LENGTH DATA ELEMENTS--GENERAL INFORMATION | |
| fixed length control field | 240201b |||||||| |||| 00| 0 eng d |
| 020 ## - INTERNATIONAL STANDARD BOOK NUMBER | |
| International Standard Book Number | 9789390619191 |
| 041 ## - LANGUAGE CODE | |
| Language code of text/sound track or separate title | eng |
| 082 ## - DEWEY DECIMAL CLASSIFICATION NUMBER | |
| Edition number | 23 |
| Classification number | 610.73 |
| Item number | PAN |
| 110 ## - MAIN ENTRY--CORPORATE NAME | |
| Corporate name or jurisdiction name as entry element | Pandey, Sushma |
| 245 ## - TITLE STATEMENT | |
| Title | Principles & Procedures of Nursing Foundations Vol.- 2 |
| Remainder of title | covers theory part as per the revised INC syllabus |
| 250 ## - EDITION STATEMENT | |
| Edition statement | 2 |
| 260 ## - PUBLICATION, DISTRIBUTION, ETC. | |
| Place of publication, distribution, etc. | New Delhi |
| Name of publisher, distributor, etc. | CBS Publishers & Distributors Pvt. Ltd. |
| Date of publication, distribution, etc. | 2022 |
| 300 ## - PHYSICAL DESCRIPTION | |
| Extent | XXXII;571P. |
| 365 ## - TRADE PRICE | |
| Price type code | Rs. |
| Price amount | 695.00 |
| Currency code | rs. |
| 650 ## - SUBJECT ADDED ENTRY--TOPICAL TERM | |
| Topical term or geographic name entry element | Nursing Foundation |
| 700 ## - ADDED ENTRY--PERSONAL NAME | |
| Personal name | Muzammil,Mohd, Atif |
| 942 ## - ADDED ENTRY ELEMENTS (KOHA) | |
| Koha item type | Donated Book |
| Withdrawn status | Lost status | Source of classification or shelving scheme | Damaged status | Not for loan | Home library | Current library | Date acquired | Vendor | Net Price | Bill number | Total Checkouts | Full call number | Barcode | Date last seen | Actual Price | Bill Date | Koha item type |
|---|---|---|---|---|---|---|---|---|---|---|---|---|---|---|---|---|---|
| Dewey Decimal Classification | Sitabai Nargundkar College of Nursing Nagpur | Sitabai Nargundkar College of Nursing Nagpur | 17/08/2023 | Doneted by Ms. Takshshila Meshram, Nagpur | 695.00 | Donated Receipt No.100 | 610.73 PAN | SNCN-DB-108 | 01/02/2024 | 175.00 | Donated Book |